Unit operations for treatment of hazardous industrial wastes /

Guardat en:
Dades bibliogràfiques
Altres autors: De Renzo, D. J. (Dorothy J.)
Format: Llibre
Idioma:English
Publicat: Park Ridge, N.J. : Noyes Data Corp., 1978.
Col·lecció:Pollution technology review ; no. 47
Matèries:
LEADER 01122nam a2200265 i 4500
001 c000044068
003 CARM
005 00000000000000.0
008 790227s1978 njua 00000 eng
019 1 |a 1379106  |5 LACONCORD2021 
020 |a 0815507178 :  |c $42.00 
035 |a (OCoLC)4318833  |5 LACONCORD2021 
050 0 0 |a TD811.5  |b .U54 
245 0 0 |a Unit operations for treatment of hazardous industrial wastes /  |c edited by D. J. De Renzo. 
260 |a Park Ridge, N.J. :  |b Noyes Data Corp.,  |c 1978. 
300 |a viii, 920 p. :  |b ill. ;  |c 25 cm. 
440 0 |a Pollution technology review ;  |v no. 47 
500 |a Based on a report entitled Physical, chemical, and biological treatment techniques for industrial wastes, by J. B. Berkowitz et al. 
650 0 |a Hazardous substances. 
650 0 |a Factory and trade waste. 
700 1 |a De Renzo, D. J.  |q (Dorothy J.) 
852 8 |b CARM  |h A2:AD05E0  |i C01616  |p 0083986  |f BK 
082 0 4 |a 628.5/4 
999 f f |i de8c2dea-d931-5ae0-98c9-e8da24495f6b  |s 8a14d111-057d-5ba1-aee3-f7a7ff8163b2 
952 f f |p Can circulate  |a CAVAL  |b CAVAL  |c CAVAL  |d CARM 1 Store  |e C01616  |f A2:AD05E0  |h Other scheme  |i book  |m 0083986